Mapuche: procesos, políticas y culturas en el Chile del Bicentenario

Gespeichert in:
Bibliographische Detailangaben
Hauptverfasser: Alliende, María de Los Angeles (VerfasserIn), Araos, Isabel (VerfasserIn), Bengoa Cabello, José (VerfasserIn), Caniguan, Natalia (VerfasserIn), Durán, Daniela (VerfasserIn), Gajardo, Paloma (VerfasserIn), Gervain, Maud (VerfasserIn), Rojas, Luis Emilio (VerfasserIn), Villarroel, Francisca (VerfasserIn)
Format: Buch
Sprache:Spanisch
Veröffentlicht: Santiago Catalonia 2012
Ausgabe:1a. ed
Schriftenreihe:Colección Identidades
Schlagworte:
Tags: Tag hinzufügen
Keine Tags, Fügen Sie den ersten Tag hinzu!

MARC

LEADER 00000cam a2200000 a 4500
001 UCE1297
003 CL-VaPUC
008 140407e20121000cl |||||||||||||||||spa|d
020 |a 9789563241228 
082 0 4 |a 980.43  |b ALL  |2 21 
100 0 |a Alliende, María de Los Angeles  |e author  |9 573623 
700 0 |a Araos, Isabel  |e author  |9 573624 
700 |a Bengoa Cabello, José  |e author  |9 603139 
700 0 |a Caniguan, Natalia  |e author  |9 573626 
700 0 |a Durán, Daniela  |e author  |9 573627 
700 0 |a Gajardo, Paloma  |e author  |9 573628 
700 0 |a Gervain, Maud  |e author  |9 573629 
700 0 |a Rojas, Luis Emilio  |e author  |9 573630 
700 0 |a Villarroel, Francisca  |e author  |9 573631 
245 1 0 |a Mapuche: procesos, políticas y culturas en el Chile del Bicentenario 
250 |a 1a. ed 
300 |a v 
942 |c BK 
945 |d 20140407 11:30:00  |a dcastane 
260 |a Santiago  |b Catalonia  |c 2012 
650 0 |a Historia de Chile  |9 265473 
650 0 |a Cultura mapuche  |9 471053 
650 0 |a Condiciones sociales   |9 257278 
650 0 |a Identidad cultural  |9 319131 
583 |a last modification  |c 20190705 09:26:07  |k Rodrigo Vera 
490 0 |a Colección Identidades 
999 |c 355129  |d 355127 
952 |0 0  |1 0  |3 erb  |4 0  |6 980_430000000000000_ALL_2012  |7 0  |8 X  |9 461517  |a FDOMLP  |b FDOMLP  |h v.2  |i 5066344  |o 980.43 ALL 2012  |p 5066344  |r 2019-11-23  |w 2019-11-23  |y BK_X  |z Catalogado en:20140407  |k BU2